Women entrepreneurs and managers v in Serbia

Najnovšie výsledky výskumu zameraného na postavenie žien v podnikaní a manžmente v Srbsku. Pohľad spoločnosti na ženy podnikateľky a ich úlohu v procese sociálno-ekonomických zmien krajiny. Špecifiká postavenia žien v podnikaní v Srbsku a balkánskom regióne.

Saved in:
Bibliographic Details
Main Author: Markovič, Mirja Radovič
Format: Book Chapter
Language:English
Subjects:
Tags: Add Tag
No Tags, Be the first to tag this record!

MARC

LEADER 00000naa$a2200000$$$4500
001 0060141
005 20230908101314.0
041 0 |a eng 
044 |a SK 
245 1 0 |a Women entrepreneurs and managers v in Serbia  |c Mirjana Radovič Markovič 
520 |a Najnovšie výsledky výskumu zameraného na postavenie žien v podnikaní a manžmente v Srbsku. Pohľad spoločnosti na ženy podnikateľky a ich úlohu v procese sociálno-ekonomických zmien krajiny. Špecifiká postavenia žien v podnikaní v Srbsku a balkánskom regióne. 
610 2 0 |a postavenie spoločenské 
610 2 0 |a postavenie žien 
610 2 0 |a Srbsko 
610 2 0 |a manažment 
610 2 0 |a podnikanie 
610 2 0 |a podnikatelia 
100 1 |a Markovič, Mirja Radovič